000 01367cam a22003738i 4500
001 18010298
003 OSt
005 20230825160950.0
008 140116s2015 mau b 001 0 eng
010 _a 2014001795
020 _a978332559400
020 _a0133127400
040 _aDLC
_beng
_cDLC
_erda
_dDLC
042 _apcc
050 0 0 _aHD30.28
_b.B36834 2015
082 0 0 _a658.4012
_bBAR/S
100 1 _aBarney, Jay B.
_99360
245 1 0 _aStrategic management and competitive advantage :
_bconcepts and cases /
_cJay B. Barney, The University of Utah, William S. Hesterly, The University of Utah.
250 _a5th edition.
264 1 _aBoston :
_bPearson,
_c[2015]
300 _axxi, 373 pages ;
_c27 cm
336 _atext
_2rdacontent
337 _aunmediated
_2rdamedia
338 _avolume
_2rdacarrier
504 _aIncludes bibliographical references and indexes.
650 0 _aStrategic planning
_vCase studies.
650 0 _aBusiness planning
_vCase studies.
650 0 _aIndustrial management
_vCase studies.
650 0 _aCompetition
_vCase studies.
700 1 _aHesterly, William S.
906 _a7
_bcbc
_corignew
_d1
_eecip
_f20
_gy-gencatlg
942 _2ddc
_cBK
_h658.4012
_iBAR/S
_k658.4012
_mBAR/S
999 _c41994
_d41994